Szczegóły MARC21

TOWARD a new Europe, methodological and comparative approach /

005 -DATA I CZAS OSTATNIEJ MODYFIKACJI [,]
    • @
    • pole kontrolne
    • 20070315155141.9
040 -Instytucja sporządzająca opis [ , ]
    • a
    • Instytucja, która sporządziła opis (NP)
    • SZCZ U
    • c
    • Instytucja, która sporządziła rekord (NP)
    • SZCZ U
041 -Język dokumentu [0, ]
    • a
    • Język tekstu (P)
    • polski
    • h
    • Język tekstu oryginalnego i/lub pośredniego (P)
    • polski
942 -Rodzaj dokumentu [ , ]
    • c
    • Rodzaj dokumentu
    • Książka
245 -Strefa tytułu i oznaczenia odpowiedzialności [0, ]
    • a
    • Tytuł
    • TOWARD a new Europe, methodological and comparative approach / Find
    • c
    • Pozostałe elementy strefy tytułu i oznaczenia odpowiedzialności (NP)
    • ed. Wacława Starzyńska, Maria Magdalena Grzelak.
260 -Strefa adresu wydawniczego [ , ]
    • a
    • Miejsce wydania (P)
    • Łódź :
    • b
    • Nazwa wydawcy (P)
    • UŁ,
    • c
    • Data wydania (P)
    • 2004.
300 -Strefa opisu fizycznego [ , ]
    • a
    • Określenie formy książki i/lub objętość (NP)
    • 353 :
    • c
    • Format (NP)
    • 24 cm.
490 -Strefa serii i książki wielotomowej - forma nie do wyszukiwania [0, ]
    • z
    • Numer rekordu powiązanego
    • 119356
    • a
    • Tytuł (P)
    • (Acta Universitatis Lodziensis = Zeszyty Naukowe UŁ. FOLIA Oeconomica ; Find
    • y
    • Zob. egzemplarze
    • 209
    • x
    • ISSN (NP)
    • 0208-6018)
    • v
    • Numeracja (P)
    • 182,
500 -Uwaga ogólna [ , ]
    • a
    • Uwaga ogólna (NP)
    • Bibliogr
080 -Uniwersalna Klasyfikacja Dziesiętna [ , ]
    • a
    • Symbol klasyfikacji
    • 330.101.54(438:4-67)"1989/..."
980 -Symbol UKD [ , ]
    • a
    • UKD
    • 330.101.54(438:4-67)"1989/..."
700 -Hasło dodatkowe - nazwa osobowa [ , ]
    • a
    • Nazwa osobowa (NP)
    • Grzelak Maria Magdalena Find
700 -Hasło dodatkowe - nazwa osobowa [ , ]
    • a
    • Nazwa osobowa (NP)
    • Starzyńska Wacława Find
Numer tomu Status udost. Powiązanie z serią Numer inwentarzowy Sygnatura Data inwentaryzacji Lokalizacja
182-11209Tc.1905Tc.3462005-12-05Tc